Teori-teori kemunduran
| Main Author: | |
|---|---|
| Other Authors: | |
| Format: | Book |
| Published: |
Kuala Lumpur :
Dewan Bahasa Dan Pustaka ,
1983
|
| Subjects: |
MARC
| LEADER | 00000cam a2200000 7i4500 | ||
|---|---|---|---|
| 001 | 0000002209 | ||
| 005 | 20050427.0 | ||
| 040 | |a INS | ||
| 090 | 0 | 0 | |a HC59.7. |b R68 1983 |
| 100 | 1 | |a Roxborough, Ian | |
| 245 | 1 | 0 | |a Teori-teori kemunduran |c Ian Roxborough |
| 260 | |a Kuala Lumpur : |b Dewan Bahasa Dan Pustaka , |c 1983 | ||
| 300 | |a xiii, 234 p ; |c 21 cm. | ||
| 650 | 0 | 0 | |a Underdevelop areas |
| 700 | 0 | |a Ghazali Mahyudin | |
| 999 | |a 0000000536 |b BOOK |c Open Shelf |e Default branch | ||